Cenová konvergence transitivních ekonomik
Približovanie cenových úrovní tranzitívnych ekonomík (Česko, Maďarsko, Poľsko, Slovensko) k priemeru pôvodných 15 členských štátov EÚ. Základom štúdie je Balassa-Samuelsonov model a analýza relatívnych cien. Pre tranzitívne ekonomiky je typická apreciácia reálneho menového kurzu, ktorá je aj výsledk...
Gespeichert in:
| 1. Verfasser: | |
|---|---|
| Format: | Buchkapitel |
| Sprache: | Tschechisch |
| Schlagworte: | |
| Tags: |
Keine Tags, Fügen Sie das erste Tag hinzu!
|
MARC
| LEADER | 00000naa$a2200000$$$4500 | ||
|---|---|---|---|
| 001 | 0039037 | ||
| 005 | 20231103101316.0 | ||
| 041 | 0 | |a cze | |
| 044 | |a SK | ||
| 245 | 1 | 0 | |a Cenová konvergence transitivních ekonomik |c Milan Cízl |
| 520 | |a Približovanie cenových úrovní tranzitívnych ekonomík (Česko, Maďarsko, Poľsko, Slovensko) k priemeru pôvodných 15 členských štátov EÚ. Základom štúdie je Balassa-Samuelsonov model a analýza relatívnych cien. Pre tranzitívne ekonomiky je typická apreciácia reálneho menového kurzu, ktorá je aj výsledkom zvyšujúcej sa produktivity v sektoroch obchodovateľných komodít. Cieľom príspevku je analýza fungovania Balassa-Samuelson modelu v skutočnosti a vysvetlenie efektu relatívnych cien na konvergenciu cenových hladín. Konvergencia cenových hladín tranzitívnych krajín vzhľadom k priemeru EÚ prebieha pomerne plynulým spôsobom, stále však zostáva medzera medzi skupinou stredoeurópskych krajín a vyspelými západnými ekonomikami. | ||
| 610 | 2 | 0 | |a krajiny tranzitívne |
| 610 | 2 | 0 | |a kurz menový reálny |
| 610 | 2 | 0 | |a konvergencia |
| 610 | 2 | 0 | |a ceny |
| 610 | 2 | 0 | |a hladina cenová |
| 610 | 2 | 0 | |a produktivita |
| 100 | 1 | |a Cízl, Milan | |